| 000 | 00443nam a22001697a 4500 | ||
|---|---|---|---|
| 003 | SGT | ||
| 020 | _a9789812435477 | ||
| 082 | _a658.3,HELL | ||
| 100 | _aHELLRIEGEL | ||
| 245 | _aORGANIZATIONAL BEHAVIOR | ||
| 250 | _a10TH | ||
| 260 |
_aNEW DELHI _bTHOMSON _c2004 |
||
| 300 | _a460 | ||
| 650 | _aMANAGEMENT | ||
| 653 | _aINDIVIDUALS IN ORGANIZATIONS, TEAM AND LEADERSHIP BEHAVIORS MANAGING TEAMS, THE ORGANIZATION | ||
| 942 |
_2ddc _cFCM _02 |
||
| 999 |
_c9062 _d9062 |
||